000 00710na a2200241 4500
001 17843
003 MIRAKIL
005 20181213154955.0
008 161107b tu 000 0
020 _a975512859X
040 _aMilas
_btur
_cTR-AnCHP
041 _atur
082 _a362.5
_bM54 2004
090 _a362.5 M54 2004
245 _aMikrokredi yoluyla yoksulluğun azaltılması
_bİstanbul örneği
_c[Hazırlayanlar] Esfender Korkmaz
260 _aİstanbul
_bİstanbul Ticaret Odası (İTO)
_c2004
300 _a224 s.
_btbl.; grf.
_c24 sm.
504 _aKaynakça var.
650 _aYoksulluk
_xKrediler
651 _aİstanbul
_xYoksulluk
700 _aKorkmaz, Esfender
942 _2ddc
_cBKS
999 _c4146
_d4146